000 02236nam0a2200385 4500
001 RU\NLR\bibl\235286
005 20260407072246.0
010 _a5-94348-003-X
_9500
021 _aRU
_b2001-40167
_91904
035 _a(NLR Aleph) 000231215
090 _a1345656
_c1345656
100 _a20020212d2000 |||y0rusy50 ca
101 0 _arus
102 _aRU
105 _aa |||||||||
200 1 _aТрудовые отношения на предприятиях с иностранным участием
_eМатериалы Науч.-практ. семинара "Трудовые конфликты на предприятиях с иностр. участием", 20-21 апр. 2000 г.
_f[Под ред. В.В. Козловского и др.]
210 _aСПб.
_cСоциол. о-во
_d2000
215 _a207, [1] с.
_d21
300 _aВ надзаг.: Федерация проф. союзов Санкт-Петербурга и Ленингр. обл., Фонд Ф. Эберта, Фак. социологии С.-Петерб. госуниверситета, Социол. ин-т РАН
320 _aБиблиогр. в подстроч. примеч.
606 0 _aТрудовые конфликты
_jСъезды, совещания и т.п.
_xРазрешение
_xУчастие профсоюзов
_yРоссийская Федерация
_92203120
_3RU\NLR\auth\661323797
606 0 _aСовместные предприятия - Трудовые правоотношения
606 0 _aИностранный капитал в Российской Федерации
675 _a331.105
_v3
_zrus
686 _a06.71
_2rugasnti
686 _a65.24
_2rubbk
686 _aФ72(2)274-331.3я431
702 1 _aКозловский
_bВ. В.
_gВладимир Вячеславович
_4340
711 1 2 _a"Трудовые конфликты на предприятиях с иностранным участием", научно-практический семинар
_f2000
_eСанкт-Петербург
_3RU\NLR\AUTH\8810036031
_9570606
801 0 _aRU
_bRKP
_c20020212
_gPSBO
801 1 _aRU
_bRKP
_c20020212
801 2 _aRU
_bNLR
_c20020628
_grcr
942 _cBOOK
980 _aNB